000
00360nam a2200145Ia 4500
003
GCL
008
140319s9999 xx 000 0 ara d
040
_a
GCL /
_c
GCL
082
0
4
_a
359.984
_b
ا ص
245
1
0
_a
الضفادع البشرية
490
_a
650
0
4
_a
القوات البحرية
650
0
4
_a
الضفادع البشرية
942
_2
ddc
_c
BK
999
_c
40171
_d
40171